00512 2200193 4500001002100000005001500021008004100036020001800077035001900095041000600114082001100120090001700131100001800148245008800166260002300254300002200277500000600299650001300305INLIS00000000000287020241224112621241224||||||||| | ||| |||| ||  a979-3371-54-4 0010-1224002870 a00 a920.71 a920.71 THA p0 aAhmad Luqmani00aPotret Surgawi Sehari-Hari Allamah Thabathaba'I Guru Besar Tafsir, Sufi dan Filosof adepokbIIMaNc2007 a184 hlm.; 20,5 cm a1 0aBiografi